000 00986nam a22003137a 4500
001 BR0303133
003 BR-BrBNA
005 20230928101307.0
007 ta
008 230509b bl.||||| |||| 00| 0 por d
040 _aBR-BrBNA
_bpor
_cBiblioteca Nacional de Agricultura
041 _a(Por)
072 _aL73
_b5100
_b4110
090 _ 5100 BR0303133
100 1 _aSantos, F.L. dos
110 1 _aUniversidade Federal de Minas Gerais, Belo Horizonte (Brasil). Escola de Veterinária
_0Tese (Doutor em Ciência Animal)
245 1 _aAspectos clínicos, morfologicos e imunohistoquímico do mormo em eqüinos
260 3 _aBelo Horizonte, MG (Brasil):
_c2002.
300 _a74 p.
500 _aSummaries (Eng, Por); Bibliography p. 71-74; 5 tables; 38 illus.
650 _aEQÜINO
650 _aMULA
650 _aDOENÇA RESPIRATÓRIA
650 _aPULMÃO
650 _aBACTÉRIA
650 _aHISTOQUÍMICA
909 _a202309
_bLucia
_c55
_dLucia Elande
942 _cBK
999 _c65125
_d65125